¿Adonde va la pastoral? : en los cinco años de la conferencia de Medellín /

Análisis de la pastoral en Latinoamérica desde el punto de vista teológico y práctico, a cinco años de haberse realizado la segunda Conferencia General del Episcopado Latinoamericana en Medellín, Colombia (1968), en la que se estudió este asunto. Se plantea una eclesiología nueva en la que el laico...

Бүрэн тодорхойлолт

-д хадгалсан:
Номзүйн дэлгэрэнгүй
Үндсэн зохиолч: Galilea, Segundo (autor)
Формат: Ном
Хэл сонгох:испани
Хэвлэсэн: Bogotá, Colombia : Ediciones Paulinas, 1975, c1975
Хэвлэл:2a edición
Цуврал:(Pastoral Popular ; 7)
Нөхцлүүд:
Шошгууд: Шошго нэмэх
Шошго байхгүй, Энэхүү баримтыг шошголох эхний хүн болох!

MARC

LEADER 00000nam^a2200000^a^4500
001 000380251
005 20250521000000.0
009 20260310120554.701
037 |a Acervo Xavier Clavigero 
041 |a ESP 
082 |a 261.  |b GAL 
100 |a Galilea, Segundo  |e (autor) 
245 1 0 |a ¿Adonde va la pastoral? :  |b en los cinco años de la conferencia de Medellín /  |c S. Galilea. 
246 2 |a Título en la cubierta: A donde va la pastoral? 
250 |a 2a edición 
264 4 |a Bogotá, Colombia :  |b Ediciones Paulinas,  |c 1975, c1975 
300 |a 74 p. 
336 |a texto  |b txt  |2 rdacontenido 
337 |a sin mediación  |b n  |2 rdamedio 
338 |a volumen  |b nc  |2 rdasoporte 
440 1 |a (Pastoral Popular ;  |v 7) 
520 |a Análisis de la pastoral en Latinoamérica desde el punto de vista teológico y práctico, a cinco años de haberse realizado la segunda Conferencia General del Episcopado Latinoamericana en Medellín, Colombia (1968), en la que se estudió este asunto. Se plantea una eclesiología nueva en la que el laico tiene un papel activo que le es propio; se afirma que la teología latinoamericana tiene como características el atender a la evangelización de la religiosidad popular, parte de las comunidades eclesiales de base y se proyecta en una pastoral liberadora. 
561 |a Ex libris de Biblioteca Juniorado San José 
561 |a Ex libris de Instituto de Literatura Puente Grande, Jal. 
649 |a XX 
650 |a Laicos -  |z Latinoamérica 
650 |a Pobreza -  |z Latinoamérica 
650 |a Solidaridad -  |z Latinoamérica 
650 |a Espiritualidad -  |z Latinoamérica 
650 |a Opción Preferencial por los Pobres 
650 |a Oración (Religión) 
650 |a Eclesiología 
650 |a Teología de la Liberación -  |x Tema Principal 
650 |a Teología Pastoral -  |x Tema Principal 
650 |a Catolicismo 
650 |a Cristianismo 
650 |a Religión 
910 |a Fondo General 
920 |a Impresos - Libros 
930 |a Colección General 
905 |a 101 
901 |a 003910  |b IT1  |c ACC  |u 20250521 
902 |a https://opac.biblio.iteso.mx/vufind/Record/000380251